01683cam a2200301 a 4500001000400000003001000004005001700014008004100031020001800072040002500090080002300115090002400138100002400162245030300186260003900489300002000528504002500548590004300573650005400616650006400670650004200734942001200776952014500788952014500933952014501078952014501223999001301368199BR-CuiBMT20231213133819.0230829s2022 mgb 000 0 por d a9786555183047 aBR-CuiBMTcBR-CuiBMT 22007a351.712.2.02 a351.712.2.02bR375c1 aReis, Luciano Elias10aCompras públicas inovadoras :bo desenvolvimento científico, tecnológico e inovativo como perspectiva do desenvolvimento nacional sustentável : de acordo com a nova lei de licitações e o marco regulatório das startups /cLuciano Elias Reis ; Jorge Ulisses Jacoby Fernandes prefácio. aBelo Horizonte :bFórum,cc2022. a446 p. ;c24 cm aInclui bibliografia. aA Biblioteca possui a 1. reimpr. 2022. aLicitaçãoxInovação tecnológicazBrasil aContrato administrativoxInovação tecnológicazBrasil aDesenvolvimento sustentávelzBrasil 2udccLV 00102udc4070aBIBTCEMTbBIBTCEMTd2023-08-29l0o351.712.2.02 R375cpBIBTCEMT23080177r2023-08-29tEx. 1w2023-08-29yLVz1. reimpr. 2022 00102udc4070aBIBTCEMTbBIBTCEMTd2023-11-16l0o351.712.2.02 R375cpBIBTCEMT23110615r2023-11-16tEx. 2w2023-11-16yLVz1. reimpr. 2022 00102udc4070aBIBTCEMTbBIBTCEMTd2023-11-16l0o351.712.2.02 R375cpBIBTCEMT23110616r2023-11-16tEx. 3w2023-11-16yLVz1. reimpr. 2022 00102udc4070aBIBTCEMTbBIBTCEMTd2023-11-16l0o351.712.2.02 R375cpBIBTCEMT23110617r2023-11-16tEx. 4w2023-11-16yLVz1. reimpr. 2022 c199d199